00676nam a2200241 a 4500001001300000003000900013005001700022008004100039020001000080082001300090100002000103245003800123260003200161300000900193500003500202505002000237650001300257700002000270902000800290942000700298952011400305999001500419nice12345678IN_TiNIC20260116012852.0050524s1969 lona grp 000 0 eng  ac10000a230bYOU aYoung, Norman J aHistory and Existential Theology. aLondonbEpworth Pressc1969 a174p aincludes index and biblioraphy2 aNotes and Index aTheology1 aYoung, Norman J bSRS cBK 001040708StackRoom-aHMIbHMId2007-07-31g100.00l0o230 YOUp010500r2007-07-31v100.00w2005-05-24yBK c8711d8711